000
00311nam a22001337a 4500
008
170614b xxu||||| |||| 00| 0 eng d
020
_a
0520045130
041
_a
eng
080
_a
32
100
_a
19
101
_a
SHP
245
_a
POLLUTION, POLITICS, AND INTERNATIONAL LAW
_c
M'GONIGLE,M.M
942
_2
udc
_c
BK
999
_c
17260
_d
17260